=LDR 00000nam 2200000 4500 =001 INLIS000000000029340 =005 20130612131600 =008 ***********************************Ind** =035 ##$$0010-061300000029340 =041 ##$$a Ind =082 ##$$a 617.1 =090 ##$$a 617.1, Blo f =100 ##$$a Bloch, Bernard =245 ##$$a Fraktur dan Dislokasi, Bernard Bloch =260 ##$$a 1978 $b Jakarta =300 ##$$a 130 hlm, ilus, 20 cm =650 ##$$a Fraktur =850 ##$$a NBPNMAT =990 ##$$a 21400613/BPAP-NTB/20142014 =990 ##$$a 0001/BPAP-NTB/20142015 =990 ##$$a 0001/BPAP-NTB/20142015